Modell kísérlet a magyar fésűsmerinó juh nemihormon súlyváltozásának mérésére egy petefészek-ciklus idő alatt

Elmentve itt :
Bibliográfiai részletek
Szerző: Sas Mihály
További közreműködők: Mucsi Imre (Témavezető)
Dokumentumtípus: Szakdolgozat
Megjelent: 1981
Kulcsszavak:Juhtenyésztés
Szaporodásbiológia
Nemi ciklus
Tárgyszavak:
Online Access:http://diploma.bibl.u-szeged.hu/98521
LEADER 00782nta a2200229 i 4500
001 dipl98521
005 20220112075805.0
008 220112s1981 hu om 0|| hun d
040 |a SZTE Diploma Repozitórium  |b hun 
041 |a hun 
100 1 |a Sas Mihály 
245 1 0 |a Modell kísérlet a magyar fésűsmerinó juh nemihormon súlyváltozásának mérésére egy petefészek-ciklus idő alatt  |h [elektronikus dokumentum] /  |c Mihály Sas 
260 |c 1981 
300 |a 25 
650 4 |a Agrár 
650 4 |a Agricultural sciences 
650 4 |a Veterinary science 
695 |a Juhtenyésztés 
695 |a Szaporodásbiológia 
695 |a Nemi ciklus 
700 1 |a Mucsi Imre  |e ths 
856 4 0 |u http://diploma.bibl.u-szeged.hu/id/eprint/98521/1/1981_sas_mihaly.pdf  |z Dokumentum-elérés